| 000 | 00629nam a22002175a 4500 | ||
|---|---|---|---|
| 005 | 20151222144739.0 | ||
| 008 | 150803s2014 ii a fr 001 0 eng d | ||
| 020 | _a9788126549245 | ||
| 040 |
_aEG-ScBUE _beng _cEG-ScBUE |
||
| 082 | 0 | 4 |
_222 _a658.477 _bPAN |
| 100 | 1 |
_aPandey, Mrinalini. _938958 |
|
| 245 | 1 | 0 |
_aDisaster management / _cMrinalini pandey. |
| 250 | _a1st ed | ||
| 260 |
_aNew Delhi : _bWiley India, _c2014. |
||
| 300 |
_axii, 227 p. : _bill. ; _c24 cm. |
||
| 500 | _aIndex : p. 223-227. | ||
| 650 | 0 |
_2BUEsh _aEmergency management. |
|
| 651 | _2BUEsh | ||
| 653 |
_bBUSADM _cAugust2015 _cDecember2015 |
||
| 942 | _2ddc | ||
| 999 |
_c20437 _d20409 |
||